000 00565cam a22002051a 4500
001 sa 66000567
003 DLC
005 20260227112216.0
008 830310s1965 io 000 0 ind
010 _asa 66000567
025 _aPL480:Indo-2223
035 _a(OCoLC)9297350
040 _aDLC
_cOAU
_dWU
_dDLC
042 _apremarc
050 0 0 _aPL5089.O27
_bO4
100 0 _aO. K. T.
_q(Oey Kim Tiang),
_d1903-
245 1 0 _aWarisan seorang pangeran /
_cdituturkan oleh O.K.T.
260 _aDjakarta :
_bSaka Widya,
_c[1965?]
300 _a5 v. (302 p.) ;
_c18 cm.
999 _c67315
_d67315